00250nam a2200109Ia 4500008004100000100001300041245002600054260002200080260000900102546001200111999001700123170619s9999 xx 000 0 und d aNarayana 0aStrength of Materials bDhanpat Rai Pub. c2004 aENGLISH c16524d16524